[Event "Le Mans op"]
[Site "Le Mans "]
[Date "2001.12.28"]
[Round "4"]
[White "Bouchardon, Bernard"]
[Black "Abdi, Houcine"]
[Result "0-1"]
[WhiteElo "1480"]
[BlackElo "1740"]
[PlyCount "48"]
[EventDate "2001.12.26"]
[EventType "swiss"]
[EventRounds "9"]
[EventCountry "FRA"]
[SourceTitle "EXT 2008"]
[Source "ChessBase"]
[SourceDate "2007.11.25"]
[SourceVersion "1"]
[SourceVersionDate "2007.11.25"]
[SourceQuality "1"]

1. e4 e5 2. Nf3 Nc6 3. Bb5 Bc5 4. c3 a6 5. Ba4 b5 6. Bc2 d6 7. d4 exd4 8. cxd4 Ba7 9. Be3 Bg4 10. a3 Qf6 11. h3 Bxf3 12. Qxf3 Qxf3 13. gxf3 Bxd4 14. Nc3 Bxc3+ 15. bxc3 Nge7 16. Rg1 Rg8 17. f4 Ng6 18. Bb3 Na5 19. Bc2 Nf8 20. f5 Nd7 21. Ke2 Ne5 22. h4 Nac4 23. f4 Nxe3 24. Kxe3 Nd7 0-1